[Event "La Pobla de Lillet op"]
[Site "La Pobla de Lillet ESP"]
[Date "2012.08.04"]
[Round "4.13"]
[White "Garcia Galeote, L.."]
[Black "Povill Batlle, R.."]
[Result "1/2-1/2"]
[WhiteElo "2025"]
[BlackElo "1836"]
[PlyCount "136"]
[EventDate "2012.08.01"]
[EventType "swiss"]
[EventRounds "9"]
[EventCountry "ESP"]
[SourceTitle "Ajedrez en Madrid"]
[Source "lmi"]
[SourceDate "2020.06.24"]
[SourceVersion "1"]
[SourceVersionDate "2020.06.25"]
[SourceQuality "1"]

1. Nf3 Nf6 2. b3 g6 3. Bb2 Bg7 4. e3 c5 5. c4 d6 6. Be2 Nc6 7. O-O O-O 8. d4
Ng4 9. h3 Nh6 10. Qd2 b6 11. d5 Bxb2 12. Qxb2 Nb4 13. e4 f6 14. a3 Na6 15. Ne1
Nf7 16. Nd3 Nc7 17. Nd2 e5 18. dxe6 Nxe6 19. f4 Nd4 20. Nf3 Nxf3+ 21. Bxf3 Bb7
22. Rad1 Qe7 23. Rfe1 Rad8 24. Nf2 Nh6 25. Re2 Kf7 26. Qc3 Rfe8 27. g4 Ng8 28.
e5 Bxf3 29. e6+ Kg7 30. Qxf3 Qc7 31. f5 Ne7 32. Red2 Nc6 33. Ne4 Nd4 34. Qf4
Qe7 35. Nc3 g5 36. Qg3 d5 37. Nxd5 Rxd5 38. cxd5 Rd8 39. Qc3 Rxd5 40. Rxd4 Rxd4
41. Rxd4 cxd4 42. Qb4 Qc7 43. Qxd4 Qg3+ 44. Kf1 Qxh3+ 45. Ke2 Qxb3 46. Qd7+ Kh6
47. e7 Qc2+ 48. Qd2 Qe4+ 49. Qe3 Qxg4+ 50. Kd2 Qg2+ 51. Ke1 Qh1+ 52. Kf2 Qh2+
53. Kf1 Qh1+ 54. Ke2 Qh5+ 55. Kf2 Qe8 56. Qe6 Kg7 57. Kg3 h5 58. Kh3 b5 59. Qd6
a5 60. Kg3 b4 61. axb4 axb4 62. Qxb4 Kf7 63. Qc4+ Kg7 64. Qe6 Qb8+ 65. Kg2 Qb2+
66. Kg1 Qc1+ 67. Kf2 Qd2+ 68. Kf1 Qd1+ 1/2-1/2

[Event "La Pobla de Lillet op"]
[Site "La Pobla de Lillet ESP"]
[Date "2012.08.04"]
[Round "4.31"]
[White "Montero Montero, JJ.."]
[Black "Custodio Criado, J.."]
[Result "0-1"]
[WhiteElo "1717"]
[BlackElo "1513"]
[PlyCount "84"]
[EventDate "2012.08.01"]
[EventType "swiss"]
[EventRounds "9"]
[EventCountry "ESP"]
[SourceTitle "Ajedrez en Madrid"]
[Source "lmi"]
[SourceDate "2020.06.24"]
[SourceVersion "1"]
[SourceVersionDate "2020.06.25"]
[SourceQuality "1"]

1. e4 e5 2. Nf3 d6 3. d4 exd4 4. Qxd4 Nf6 5. e5 dxe5 6. Qxd8+ Kxd8 7. Nxe5 Be6
8. Bc4 Bxc4 9. Nxc4 Bb4+ 10. c3 Re8+ 11. Be3 Bc5 12. O-O Bxe3 13. Nxe3 Nbd7 14.
Nd2 c6 15. Rad1 Kc7 16. Ndc4 g6 17. Nd6 Re7 18. Rd2 Ne4 19. Nxe4 Rxe4 20. Rfd1
Re7 21. b4 Rae8 22. h3 Nf6 23. Rd4 Rd7 24. Kf1 Red8 25. Rxd7+ Rxd7 26. Rxd7+
Kxd7 27. f3 Ke6 28. g4 Nd5 29. Nd1 g5 30. Kf2 Ke5 31. a3 b5 32. Ke2 Nf4+ 33.
Ke3 Nxh3 34. Nb2 Nf4 35. c4 a6 36. a4 f6 37. a5 h6 38. Nd3+ Nxd3 39. Kxd3 Kf4
40. cxb5 cxb5 41. Ke2 f5 42. gxf5 Kxf5 0-1

[Event "La Pobla de Lillet op"]
[Site "La Pobla de Lillet ESP"]
[Date "2012.08.05"]
[Round "5.1"]
[White "Oms Pallisse, J.."]
[Black "Movsziszian, K.."]
[Result "1-0"]
[WhiteElo "2461"]
[BlackElo "2469"]
[PlyCount "32"]
[EventDate "2012.08.01"]
[EventType "swiss"]
[EventRounds "9"]
[EventCountry "ESP"]
[SourceTitle "Ajedrez en Madrid"]
[Source "lmi"]
[SourceDate "2020.06.24"]
[SourceVersion "1"]
[SourceVersionDate "2020.06.25"]
[SourceQuality "1"]

1. d4 d6 2. Nf3 g6 3. c4 Bg7 4. Nc3 Nf6 5. e4 O-O 6. Be2 Nbd7 7. O-O e5 8. Qc2
Nh5 9. Bg5 f6 10. Be3 Nf4 11. Bxf4 exf4 12. Rad1 Re8 13. Rfe1 Nf8 14. c5 Be6
15. h3 h6 16. Bb5 Re7 1-0

[Event "La Pobla de Lillet op"]
[Site "La Pobla de Lillet ESP"]
[Date "2012.08.05"]
[Round "5.2"]
[White "Peralta, F.."]
[Black "Corrigüelas Armillas, F.."]
[Result "1-0"]
[WhiteElo "2606"]
[BlackElo "1969"]
[PlyCount "103"]
[EventDate "2012.08.01"]
[EventType "swiss"]
[EventRounds "9"]
[EventCountry "ESP"]
[SourceTitle "Ajedrez en Madrid"]
[Source "lmi"]
[SourceDate "2020.06.24"]
[SourceVersion "1"]
[SourceVersionDate "2020.06.25"]
[SourceQuality "1"]

1. d4 Nf6 2. c4 e6 3. Nc3 Bb4 4. e3 b6 5. Nge2 Bb7 6. a3 Bxc3+ 7. Nxc3 O-O 8.
d5 d6 9. Be2 Nbd7 10. O-O a5 11. f3 Nc5 12. b3 e5 13. e4 Re8 14. Be3 Ba6 15. b4
Ncd7 16. Qd2 Qe7 17. Rfc1 Rec8 18. Na4 axb4 19. axb4 h6 20. Bf1 Kh7 21. g3 Rcb8
22. Nc3 Kg8 23. Qc2 Re8 24. Nb5 Bxb5 25. cxb5 Rxa1 26. Rxa1 Rc8 27. Bh3 Qd8 28.
Ra7 Ne8 29. Qc6 Nb8 30. Qb7 Nd7 31. Bxd7 Qxd7 32. Qxb6 Qh3 33. Qc6 h5 34. Ra8
Rxa8 35. Qxa8 Kf8 36. Qd8 f6 37. b6 cxb6 38. Bxb6 h4 39. Bf2 hxg3 40. hxg3 Qh5
41. Kg2 f5 42. Qh4 Qf7 43. b5 fxe4 44. fxe4 Nf6 45. b6 Qd7 46. Qh8+ Kf7 47. Qh3
Qa4 48. Qe6+ Kg6 49. Qf5+ Kf7 50. g4 Kg8 51. g5 Nxe4 52. b7 1-0

[Event "La Pobla de Lillet op"]
[Site "La Pobla de Lillet ESP"]
[Date "2012.08.05"]
[Round "5.3"]
[White "Capellades Subirana, M.."]
[Black "Mellado Triviño, J.."]
[Result "0-1"]
[WhiteElo "2237"]
[BlackElo "2444"]
[PlyCount "60"]
[EventDate "2012.08.01"]
[EventType "swiss"]
[EventRounds "9"]
[EventCountry "ESP"]
[SourceTitle "Ajedrez en Madrid"]
[Source "lmi"]
[SourceDate "2020.06.24"]
[SourceVersion "1"]
[SourceVersionDate "2020.06.25"]
[SourceQuality "1"]

1. e4 e5 2. Nf3 Nf6 3. Nc3 Nc6 4. d4 Bb4 5. d5 Ne7 6. Qd3 O-O 7. Bd2 d6 8. Be2
Nd7 9. a3 Nc5 10. Qe3 Bxc3 11. Bxc3 f5 12. exf5 Nxf5 13. Qd2 e4 14. Nd4 e3 15.
fxe3 Ne4 16. Qd3 Qh4+ 17. g3 Nfxg3 18. O-O-O Nxh1 19. Rg1 Nhf2 20. Rxg7+ Kh8
21. Qc4 Nxc3 22. Qxc3 Ne4 23. Qxc7 Rf1+ 24. Bd1 Rxd1+ 25. Kxd1 Bg4+ 26. Ne2
Bxe2+ 27. Kxe2 Qf2+ 28. Kd3 Nc5+ 29. Kc3 Qxe3+ 30. Kb4 Qd4+ 0-1

[Event "La Pobla de Lillet op"]
[Site "La Pobla de Lillet ESP"]
[Date "2012.08.05"]
[Round "5.4"]
[White "Ramiro Ovejero, JL.."]
[Black "Valdes Romero, L.."]
[Result "0-1"]
[WhiteElo "2349"]
[BlackElo "2366"]
[PlyCount "96"]
[EventDate "2012.08.01"]
[EventType "swiss"]
[EventRounds "9"]
[EventCountry "ESP"]
[SourceTitle "Ajedrez en Madrid"]
[Source "lmi"]
[SourceDate "2020.06.24"]
[SourceVersion "1"]
[SourceVersionDate "2020.06.25"]
[SourceQuality "1"]

1. e4 d6 2. d4 Nf6 3. Nc3 g6 4. Bg5 Bg7 5. Qd2 a6 6. Bh6 Bxh6 7. Qxh6 Nc6 8.
O-O-O e5 9. dxe5 Ng4 10. Qd2 dxe5 11. Qxd8+ Nxd8 12. Rd2 c6 13. Nf3 f6 14. a4
b5 15. b4 Be6 16. axb5 axb5 17. Kb2 Nb7 18. h3 Nh6 19. Be2 Ke7 20. Rdd1 Nf7 21.
Ra1 f5 22. Rxa8 Rxa8 23. Ra1 Rxa1 24. Kxa1 Nbd6 25. Nd2 Kf6 26. Kb2 f4 27. Bg4
Bxg4 28. hxg4 Kg5 29. f3 h5 30. gxh5 Kxh5 31. Ne2 g5 32. Kc3 g4 33. Kd3 Ng5 34.
Ng1 Kh4 35. fxg4 Kxg4 36. Ne2 Kh4 37. c4 bxc4+ 38. Nxc4 Nxc4 39. Kxc4 Nxe4 40.
Nc1 Kg4 41. Nd3 Kf5 42. Ne1 Ke6 43. Nf3 Kd6 44. b5 cxb5+ 45. Kxb5 Kd5 46. Kb4
Ng3 47. Kc3 Nf1 48. Ng5 e4 0-1

[Event "La Pobla de Lillet op"]
[Site "La Pobla de Lillet ESP"]
[Date "2012.08.05"]
[Round "5.5"]
[White "Antoli Royo, JM.."]
[Black "Garcia Castellote, D.."]
[Result "1-0"]
[WhiteElo "2398"]
[BlackElo "2009"]
[PlyCount "67"]
[EventDate "2012.08.01"]
[EventType "swiss"]
[EventRounds "9"]
[EventCountry "ESP"]
[SourceTitle "Ajedrez en Madrid"]
[Source "lmi"]
[SourceDate "2020.06.24"]
[SourceVersion "1"]
[SourceVersionDate "2020.06.25"]
[SourceQuality "1"]

1. e4 c5 2. Nf3 e6 3. d4 cxd4 4. Nxd4 Nf6 5. Nc3 Nc6 6. Nxc6 bxc6 7. Bd3 d5 8.
O-O Be7 9. Qe2 O-O 10. b3 Nd7 11. Bb2 Nc5 12. Rfd1 Bf6 13. e5 Be7 14. Qe3 d4
15. Qh3 Nxd3 16. Rxd3 c5 17. Ne4 Kh8 18. Rg3 Bb7 19. Qg4 g6 20. Qf4 Bxe4 21.
Qxe4 Qd5 22. Qe2 f6 23. exf6 Bxf6 24. Rg4 e5 25. Re4 Rac8 26. Rd1 Rfd8 27. c3
d3 28. Qf3 Bg7 29. c4 Qd6 30. Qe3 Re8 31. Rxd3 Qc7 32. Rd5 Rcd8 33. f4 Rxd5 34.
cxd5 1-0

[Event "La Pobla de Lillet op"]
[Site "La Pobla de Lillet ESP"]
[Date "2012.08.05"]
[Round "5.6"]
[White "Garcia Castellote, D.."]
[Black "Aranda Marin, C.."]
[Result "0-1"]
[WhiteElo "2061"]
[BlackElo "2324"]
[PlyCount "44"]
[EventDate "2012.08.01"]
[EventType "swiss"]
[EventRounds "9"]
[EventCountry "ESP"]
[SourceTitle "Ajedrez en Madrid"]
[Source "lmi"]
[SourceDate "2020.06.24"]
[SourceVersion "1"]
[SourceVersionDate "2020.06.25"]
[SourceQuality "1"]

1. e4 b6 2. d4 Bb7 3. Nc3 e6 4. a3 Nf6 5. e5 Nd5 6. Nxd5 Bxd5 7. Nf3 d6 8. Be2
Nd7 9. O-O Be7 10. c4 Bb7 11. b4 O-O 12. Bb2 Re8 13. Re1 Nf8 14. Qb3 Ng6 15.
Rad1 a5 16. Bf1 axb4 17. axb4 Qd7 18. Ra1 Rxa1 19. Rxa1 Bxf3 20. Qxf3 dxe5 21.
dxe5 Qd2 22. Qe3 Qxb2 0-1

[Event "La Pobla de Lillet op"]
[Site "La Pobla de Lillet ESP"]
[Date "2012.08.05"]
[Round "5.7"]
[White "Cervello Tost, F.."]
[Black "Ramos del Campo, A.."]
[Result "1/2-1/2"]
[WhiteElo "1973"]
[BlackElo "2078"]
[PlyCount "56"]
[EventDate "2012.08.01"]
[EventType "swiss"]
[EventRounds "9"]
[EventCountry "ESP"]
[SourceTitle "Ajedrez en Madrid"]
[Source "lmi"]
[SourceDate "2020.06.24"]
[SourceVersion "1"]
[SourceVersionDate "2020.06.25"]
[SourceQuality "1"]

1. Nf3 Nf6 2. g3 b5 3. Bg2 Bb7 4. d3 e6 5. O-O d6 6. e4 c5 7. c3 Nc6 8. a4 b4
9. Re1 Be7 10. e5 Nxe5 11. Nxe5 Bxg2 12. Nxf7 Kxf7 13. Kxg2 Re8 14. Bg5 h6 15.
Bxf6 Bxf6 16. Qh5+ Kg8 17. Qg4 Qd7 18. Kg1 Rab8 19. Nd2 d5 20. d4 bxc3 21. bxc3
cxd4 22. cxd4 h5 23. Qxh5 Bxd4 24. Rab1 Rxb1 25. Rxb1 Qxa4 26. Rb4 Qa1+ 27. Rb1
Qa4 28. Rb4 Qa1+ 1/2-1/2

[Event "La Pobla de Lillet op"]
[Site "La Pobla de Lillet ESP"]
[Date "2012.08.05"]
[Round "5.8"]
[White "Lozano Sanchez, JA.."]
[Black "Moya Arau, C.."]
[Result "0-1"]
[WhiteElo "1863"]
[BlackElo "2066"]
[PlyCount "104"]
[EventDate "2012.08.01"]
[EventType "swiss"]
[EventRounds "9"]
[EventCountry "ESP"]
[SourceTitle "Ajedrez en Madrid"]
[Source "lmi"]
[SourceDate "2020.06.24"]
[SourceVersion "1"]
[SourceVersionDate "2020.06.25"]
[SourceQuality "1"]

1. e4 c5 2. Nf3 a6 3. a4 e6 4. Bc4 Nc6 5. Nc3 Nge7 6. Qe2 Nd4 7. Qd1 g6 8. d3
Bg7 9. h3 O-O 10. O-O d5 11. exd5 exd5 12. Ba2 Ndc6 13. Bf4 h6 14. Qd2 Kh7 15.
Rfe1 Be6 16. Ne5 Nd4 17. Ne2 Nec6 18. Nxd4 Nxd4 19. c3 Nf5 20. Nf3 b5 21. Bb3
Qb6 22. Re2 Rfd8 23. Bc2 d4 24. axb5 axb5 25. Ree1 dxc3 26. bxc3 Rxa1 27. Rxa1
b4 28. Rb1 b3 29. Be5 Bxe5 30. Nxe5 c4 31. Qe1 Qc7 32. Bd1 cxd3 33. Nf3 d2 34.
Nxd2 Qxc3 35. Nf3 Qxe1+ 36. Nxe1 Rb8 37. Nd3 Nd4 38. Nc5 Rb5 39. Nxe6 fxe6 40.
Rb2 Ra5 41. Kf1 Ra2 42. Rb1 b2 43. Ke1 Nb5 44. Kd2 Na3 45. Bc2 Nxb1+ 46. Bxb1
Ra7 47. Kc2 Rb7 48. Ba2 Kg7 49. Kb1 Kf6 50. Bc4 Ke5 51. Bd3 Kd4 52. Bxg6 Kc3
0-1

[Event "La Pobla de Lillet op"]
[Site "La Pobla de Lillet ESP"]
[Date "2012.08.05"]
[Round "5.9"]
[White "Tejero Royo, F.."]
[Black "Guasch Murtra, JM.."]
[Result "1-0"]
[WhiteElo "2136"]
[BlackElo "1979"]
[PlyCount "58"]
[EventDate "2012.08.01"]
[EventType "swiss"]
[EventRounds "9"]
[EventCountry "ESP"]
[SourceTitle "Ajedrez en Madrid"]
[Source "lmi"]
[SourceDate "2020.06.24"]
[SourceVersion "1"]
[SourceVersionDate "2020.06.25"]
[SourceQuality "1"]

1. d4 Nf6 2. c4 c5 3. d5 b5 4. f3 e6 5. dxe6 fxe6 6. e4 bxc4 7. Bxc4 d5 8. Bb5+
Bd7 9. Bxd7+ Nbxd7 10. Nc3 d4 11. Na4 e5 12. b3 Bd6 13. Bd2 O-O 14. Ne2 Nh5 15.
O-O Rf6 16. Bg5 Qe8 17. Bxf6 Ndxf6 18. Rc1 Rc8 19. Nb2 g5 20. g4 Nf4 21. Nxf4
gxf4 22. Rc2 h6 23. Qd3 Kf7 24. Qa6 Qd7 25. Rg2 Nh7 26. Nc4 Rc6 27. Qb5 Bc7 28.
Qb7 Ke6 29. h4 Bd8 1-0

[Event "La Pobla de Lillet op"]
[Site "La Pobla de Lillet ESP"]
[Date "2012.08.05"]
[Round "5.10"]
[White "Povill Batlle, R.."]
[Black "Anguera Maestro, J.."]
[Result "0-1"]
[WhiteElo "1836"]
[BlackElo "2153"]
[PlyCount "66"]
[EventDate "2012.08.01"]
[EventType "swiss"]
[EventRounds "9"]
[EventCountry "ESP"]
[SourceTitle "Ajedrez en Madrid"]
[Source "lmi"]
[SourceDate "2020.06.24"]
[SourceVersion "1"]
[SourceVersionDate "2020.06.25"]
[SourceQuality "1"]

1. e4 g6 2. d4 Bg7 3. c4 d6 4. Nc3 c6 5. Be3 Nf6 6. h3 O-O 7. Qd2 a6 8. Nf3 b5
9. Bd3 Nbd7 10. Bh6 e5 11. Bxg7 Kxg7 12. b4 Re8 13. dxe5 Nxe5 14. Nxe5 dxe5 15.
c5 Qd4 16. a3 Rd8 17. Rd1 Be6 18. Ne2 Qd7 19. Qc3 Qc7 20. O-O Ne8 21. f4 f6 22.
f5 Bf7 23. h4 Rd7 24. g4 Rad8 25. g5 Bc4 26. Rf3 gxf5 27. exf5 e4 28. gxf6+ Kf8
29. f7 Ng7 30. Rg3 Rxf7 31. Bxc4 Rxd1+ 32. Kg2 bxc4 33. Nd4 Qf4 0-1

[Event "La Pobla de Lillet op"]
[Site "La Pobla de Lillet ESP"]
[Date "2012.08.05"]
[Round "5.12"]
[White "Casamitjana Nuñez, A.."]
[Black "Garcia Galeote, L.."]
[Result "0-1"]
[WhiteElo "1805"]
[BlackElo "2025"]
[PlyCount "40"]
[EventDate "2012.08.01"]
[EventType "swiss"]
[EventRounds "9"]
[EventCountry "ESP"]
[SourceTitle "Ajedrez en Madrid"]
[Source "lmi"]
[SourceDate "2020.06.24"]
[SourceVersion "1"]
[SourceVersionDate "2020.06.25"]
[SourceQuality "1"]

1. e4 Nc6 2. Nf3 d6 3. d4 Nf6 4. Nc3 Bg4 5. Bg5 h6 6. Bxf6 exf6 7. Be2 Be7 8.
h3 Bd7 9. Qd2 f5 10. O-O Bg5 11. Nxg5 hxg5 12. exf5 Bxf5 13. Rae1 Kd7 14. d5
Ne5 15. f4 gxf4 16. Qxf4 g6 17. Bb5+ Kc8 18. Ne2 a6 19. Ba4 Rh4 20. Qf2 Rxa4
0-1

[Event "La Pobla de Lillet op"]
[Site "La Pobla de Lillet ESP"]
[Date "2012.08.05"]
[Round "5.32"]
[White "Harutian, AW.."]
[Black "Montero Montero, JJ.."]
[Result "1/2-1/2"]
[WhiteElo "1445"]
[BlackElo "1717"]
[PlyCount "134"]
[EventDate "2012.08.01"]
[EventType "swiss"]
[EventRounds "9"]
[EventCountry "ESP"]
[SourceTitle "Ajedrez en Madrid"]
[Source "lmi"]
[SourceDate "2020.06.24"]
[SourceVersion "1"]
[SourceVersionDate "2020.06.25"]
[SourceQuality "1"]

1. e4 Nf6 2. e5 Nd5 3. c4 Nb6 4. d4 d6 5. exd6 cxd6 6. Nc3 g6 7. Be3 Bg7 8. Rc1
Nc6 9. Be2 O-O 10. h3 Nd7 11. Nf3 Nf6 12. O-O Bd7 13. Qd2 Bf5 14. Bh6 Rc8 15.
Rfd1 a6 16. Qg5 Re8 17. Qh4 d5 18. cxd5 Nxd5 19. Nxd5 Qxd5 20. Bc4 Qe4 21.
Bxf7+ Kh8 22. Bxg7+ Kxg7 23. Qxe4 Bxe4 24. Bxe8 Rxe8 25. Ne5 Bd5 26. Nxc6 bxc6
27. f4 e6 28. Kf2 Rc8 29. a3 Rb8 30. Rd2 Rb3 31. Rc3 Rb6 32. g4 Be4 33. Re3 Bd5
34. g5 Kf7 35. Kg3 Rb8 36. h4 Kg7 37. Kg4 Rb7 38. h5 Kg8 39. hxg6 hxg6 40. Rc3
Be4 41. Rc5 Rb3 42. Ra5 Rb6 43. b4 Bd5 44. Rd3 Kg7 45. Kg3 Kf7 46. Kf2 Kg7 47.
Ke3 Kg8 48. Kd2 Kg7 49. Rc3 Kf7 50. Rcc5 Ke7 51. Kc3 Kd6 52. a4 Bg2 53. b5 cxb5
54. axb5 axb5 55. Rcxb5 Rc6+ 56. Kd2 Be4 57. Ke3 Bd5 58. Rb8 Rc3+ 59. Kd2 Rf3
60. Rf8 Be4 61. Re5 Bf5 62. Rexf5 gxf5 63. g6 Rg3 64. Rg8 Ke7 65. Ke2 Rg4 66.
Kf3 Kf6 67. Rh8 Rxg6 1/2-1/2

[Event "La Pobla de Lillet op"]
[Site "La Pobla de Lillet ESP"]
[Date "2012.08.06"]
[Round "6.1"]
[White "Valdes Romero, L.."]
[Black "Oms Pallisse, J.."]
[Result "1/2-1/2"]
[WhiteElo "2366"]
[BlackElo "2461"]
[PlyCount "103"]
[EventDate "2012.08.01"]
[EventType "swiss"]
[EventRounds "9"]
[EventCountry "ESP"]
[SourceTitle "Ajedrez en Madrid"]
[Source "lmi"]
[SourceDate "2020.06.24"]
[SourceVersion "1"]
[SourceVersionDate "2020.06.25"]
[SourceQuality "1"]

1. Nf3 c5 2. g3 b6 3. Bg2 Bb7 4. O-O e6 5. c4 Nf6 6. Nc3 d6 7. d4 cxd4 8. Qxd4
a6 9. Rd1 Be7 10. Bg5 Nbd7 11. Qd2 O-O 12. Bf4 Ne8 13. Rac1 Rc8 14. b3 h6 15.
a4 Nc5 16. Qa2 Qc7 17. Qb1 Nf6 18. Ne1 Bxg2 19. Nxg2 Rfd8 20. b4 Ncd7 21. Ne4
Nxe4 22. Qxe4 a5 23. b5 Nc5 24. Qc2 Qb7 25. Be3 Nd7 26. Qa2 Nf6 27. Bd4 d5 28.
Bxf6 Bxf6 29. cxd5 Rxd5 30. Rxc8+ Qxc8 31. Ne3 Rxd1+ 32. Nxd1 Qc1 33. Qb3 Qd2
34. Kf1 Bd4 35. f3 h5 36. Nf2 Qc1+ 37. Nd1 Qd2 38. Nf2 Qc1+ 39. Nd1 h4 40. Qd3
Qa1 41. e3 Bc5 42. Qd8+ Bf8 43. Qd4 Qb1 44. Kg2 hxg3 45. hxg3 g6 46. Nf2 Bc5
47. Qd8+ Kg7 48. Ng4 Qb2+ 49. Kh3 Qa1 50. Kg2 Qb2+ 51. Kh3 Qa1 52. Kg2 1/2-1/2

[Event "La Pobla de Lillet op"]
[Site "La Pobla de Lillet ESP"]
[Date "2012.08.06"]
[Round "6.2"]
[White "Mellado Triviño, J.."]
[Black "Peralta, F.."]
[Result "1/2-1/2"]
[WhiteElo "2444"]
[BlackElo "2606"]
[PlyCount "69"]
[EventDate "2012.08.01"]
[EventType "swiss"]
[EventRounds "9"]
[EventCountry "ESP"]
[SourceTitle "Ajedrez en Madrid"]
[Source "lmi"]
[SourceDate "2020.06.24"]
[SourceVersion "1"]
[SourceVersionDate "2020.06.25"]
[SourceQuality "1"]

1. e4 d6 2. d4 Nf6 3. Nc3 g6 4. Bg5 Bg7 5. Qd2 h6 6. Bh4 g5 7. Bg3 Nh5 8. Bc4
Nc6 9. Nge2 Na5 10. Bd3 c5 11. dxc5 dxc5 12. Bb5+ Bd7 13. Qxd7+ Qxd7 14. Bxd7+
Kxd7 15. O-O-O+ Kc6 16. Nd5 e6 17. Ne3 Rad8 18. c3 b5 19. Rxd8 Rxd8 20. Rd1
Rxd1+ 21. Kxd1 Nxg3 22. Nxg3 Nb7 23. Nh5 Bf8 24. Ng4 Kd6 25. e5+ Kc6 26. Nhf6
Bg7 27. b3 a5 28. c4 a4 29. bxa4 bxa4 30. Kd2 Na5 31. Kd3 Kb6 32. Nd7+ Kc6 33.
Ndf6 Kb6 34. Nd7+ Kc6 35. Ndf6 1/2-1/2

[Event "La Pobla de Lillet op"]
[Site "La Pobla de Lillet ESP"]
[Date "2012.08.06"]
[Round "6.3"]
[White "Movsziszian, K.."]
[Black "Moya Arau, C.."]
[Result "1-0"]
[WhiteElo "2469"]
[BlackElo "2066"]
[PlyCount "91"]
[EventDate "2012.08.01"]
[EventType "swiss"]
[EventRounds "9"]
[EventCountry "ESP"]
[SourceTitle "Ajedrez en Madrid"]
[Source "lmi"]
[SourceDate "2020.06.24"]
[SourceVersion "1"]
[SourceVersionDate "2020.06.25"]
[SourceQuality "1"]

1. e4 c5 2. d3 Nc6 3. g3 d6 4. Bg2 g6 5. f4 Bg7 6. Nf3 e6 7. O-O Nge7 8. c3 O-O
9. Be3 f5 10. a4 b6 11. Na3 h6 12. exf5 Nxf5 13. Bf2 Rb8 14. Re1 e5 15. fxe5
Nxe5 16. Nxe5 dxe5 17. Nc4 Re8 18. Be4 Kh7 19. h4 Bb7 20. Qf3 Bxe4 21. dxe4 Ne7
22. Rad1 Qc7 23. h5 Rf8 24. Qg4 Rbd8 25. hxg6+ Nxg6 26. Rxd8 Qxd8 27. Ne3 Qf6
28. Re2 Qc6 29. b3 b5 30. a5 Qc7 31. Ra2 b4 32. c4 Qd6 33. Nd5 Ne7 34. Nxe7
Qxe7 35. Rd2 Rd8 36. Qf5+ Kh8 37. Rd5 Rxd5 38. exd5 Qd6 39. Kg2 Bf8 40. g4 Qe7
41. Bg3 Bg7 42. a6 Kg8 43. Qe6+ Qxe6 44. dxe6 Kf8 45. Bf2 Ke7 46. Bxc5+ 1-0

[Event "La Pobla de Lillet op"]
[Site "La Pobla de Lillet ESP"]
[Date "2012.08.06"]
[Round "6.4"]
[White "Aranda Marin, C.."]
[Black "Antoli Royo, JM.."]
[Result "0-1"]
[WhiteElo "2324"]
[BlackElo "2398"]
[PlyCount "110"]
[EventDate "2012.08.01"]
[EventType "swiss"]
[EventRounds "9"]
[EventCountry "ESP"]
[SourceTitle "Ajedrez en Madrid"]
[Source "lmi"]
[SourceDate "2020.06.24"]
[SourceVersion "1"]
[SourceVersionDate "2020.06.25"]
[SourceQuality "1"]

1. d4 Nf6 2. c4 c5 3. d5 e6 4. Nc3 exd5 5. cxd5 d6 6. e4 g6 7. h3 Bg7 8. Nf3 a6
9. a4 Nbd7 10. Bc4 Nh5 11. Bg5 Bf6 12. Bh6 Ne5 13. Nxe5 Bxe5 14. Qd2 Qf6 15.
Bg5 Qg7 16. g4 h6 17. Be3 Nf6 18. f4 Bxc3 19. Qxc3 O-O 20. e5 dxe5 21. O-O Re8
22. d6 Be6 23. Bxe6 Rxe6 24. Qxc5 Ne4 25. Qd5 Nxd6 26. Rad1 Rc8 27. fxe5 Rxe5
28. Qd3 Re6 29. Bd4 Qf8 30. Rf4 Qe7 31. b3 Re1+ 32. Rxe1 Qxe1+ 33. Rf1 Qe4 34.
Qxe4 Nxe4 35. Re1 f5 36. gxf5 gxf5 37. Rf1 Rd8 38. Be5 Rd5 39. Bf4 Rd3 40. Kg2
Rxb3 41. Rd1 Kh7 42. Rd7+ Kg6 43. Re7 Rb2+ 44. Kf3 Ng5+ 45. Kg3 Rb3+ 46. Kg2
Kh5 47. Be3 Nxh3 48. a5 f4 49. Bb6 Kg4 50. Rg7+ Ng5 51. Rxb7 f3+ 52. Kg1 Rb1+
53. Kf2 Nh3+ 54. Ke3 f2 55. Rg7+ Kh5 0-1

[Event "La Pobla de Lillet op"]
[Site "La Pobla de Lillet ESP"]
[Date "2012.08.06"]
[Round "6.5"]
[White "Garcia Galeote, L.."]
[Black "Ramiro Ovejero, JL.."]
[Result "0-1"]
[WhiteElo "2025"]
[BlackElo "2349"]
[PlyCount "108"]
[EventDate "2012.08.01"]
[EventType "swiss"]
[EventRounds "9"]
[EventCountry "ESP"]
[SourceTitle "Ajedrez en Madrid"]
[Source "lmi"]
[SourceDate "2020.06.24"]
[SourceVersion "1"]
[SourceVersionDate "2020.06.25"]
[SourceQuality "1"]

1. Nf3 d5 2. b3 Nf6 3. Bb2 Bf5 4. e3 e6 5. c4 Nbd7 6. Be2 h6 7. O-O Bd6 8. d4
c6 9. Ne5 O-O 10. Bd3 Bxd3 11. Nxd3 Ne4 12. Qh5 f5 13. f3 Ndf6 14. Qh3 Ng5 15.
Qh4 Ng4 16. Qe1 Nxh2 17. Nf4 Nxf1 18. Kxf1 Qc7 19. Qd2 dxc4 20. bxc4 Rad8 21.
Ba3 Bxa3 22. Nxa3 e5 23. Ne2 exd4 24. exd4 Qh2 25. Nc2 Ne6 26. Qc3 Nf4 27. Nxf4
Qxf4 28. Rd1 Rfe8 29. Qb3 Rd7 30. d5 cxd5 31. cxd5 Kh8 32. Qb5 Red8 33. Kf2 a6
34. Qb3 Qe5 35. Ne3 b5 36. g3 Rc8 37. f4 Qe4 38. Qd3 Qxd3 39. Rxd3 g6 40. g4
fxg4 41. Nxg4 Rcd8 42. Ne3 Kg7 43. Kf3 h5 44. Ke4 Kf6 45. Rc3 Rd6 46. Rc5 Re8+
47. Kd4 g5 48. fxg5+ Kxg5 49. Rc1 Rxe3 50. Kxe3 Rxd5 51. Rc6 a5 52. Ke4 Rf5 53.
Rc8 Rf4+ 54. Ke3 Rb4 0-1

[Event "La Pobla de Lillet op"]
[Site "La Pobla de Lillet ESP"]
[Date "2012.08.06"]
[Round "6.6"]
[White "Corrigüelas Armillas, F.."]
[Black "Capellades Subirana, M.."]
[Result "1/2-1/2"]
[WhiteElo "1969"]
[BlackElo "2237"]
[PlyCount "36"]
[EventDate "2012.08.01"]
[EventType "swiss"]
[EventRounds "9"]
[EventCountry "ESP"]
[SourceTitle "Ajedrez en Madrid"]
[Source "lmi"]
[SourceDate "2020.06.24"]
[SourceVersion "1"]
[SourceVersionDate "2020.06.25"]
[SourceQuality "1"]

1. e4 e5 2. Nf3 Nc6 3. d4 exd4 4. Nxd4 Bc5 5. Be3 Qf6 6. c3 Nge7 7. Bc4 Nxd4 8.
cxd4 Bb4+ 9. Nc3 O-O 10. O-O Bxc3 11. bxc3 Qc6 12. Qd3 d5 13. exd5 Nxd5 14.
Bxd5 Qxd5 15. c4 Qh5 16. d5 Bf5 17. Qd4 Rfe8 18. f3 Qg6 1/2-1/2